[Event "Irena Warakomska Memorial A"]
[Site "Suwalki"]
[Date "2018.08.03"]
[Round "3"]
[White "Lewtak, Dominik"]
[Black "Oglaza, Oskar"]
[Result "1/2-1/2"]
[Board "24"]
[WhiteElo "2164"]
[WhiteCountry "POL"]
[WhiteFideId "1112570"]
[WhiteEloChange "5"]
[BlackElo "2344"]
[BlackTitle "FM"]
[BlackCountry "POL"]
[BlackFideId "1194402"]
[BlackEloChange "-5"]

1. Nf3 {[%clk 1:30:56]} Nf6 {[%clk 1:30:46]} 2. g3 {[%clk 1:29:57]} g6 {[%clk
1:31:04]} 3. Bg2 {[%clk 1:30:20]} Bg7 {[%clk 1:31:27]} 4. O-O {[%clk 1:30:44]}
O-O {[%clk 1:31:47]} 5. c4 {[%clk 1:30:29]} d5 {[%clk 1:31:23]} 6. cxd5 {[%clk
1:29:27]} Nxd5 {[%clk 1:31:36]} 7. Nc3 {[%clk 1:29:35]} Nb6 {[%clk 1:31:38]} 8.
d4 {[%clk 1:29:25]} Nc6 {[%clk 1:31:20]} 9. d5 {[%clk 1:17:23]} Na5 {[%clk
1:29:41]} 10. e4 {[%clk 1:15:09]} Bd7 {[%clk 1:29:04]} 11. Nd4 {[%clk 1:11:50]}
c5 {[%clk 1:04:02]} 12. Nb3 {[%clk 1:08:50]} Na4 {[%clk 0:57:31]} 13. Qc2 {[%clk
1:00:41]} Nxc3 {[%clk 0:52:29]} 14. bxc3 {[%clk 1:00:40]} Ba4 {[%clk 0:52:33]}
15. Qb2 {[%clk 0:56:20]} Nc4 {[%clk 0:41:06]} 16. Qc2 {[%clk 0:55:09]} Nd6 {[%clk
0:22:43]} 17. Qb2 {[%clk 0:49:23]} Qb6 {[%clk 0:21:43]} 18. Rb1 {[%clk 0:46:50]}
Nb5 {[%clk 0:13:30]} 19. Bd2 {[%clk 0:44:26]} Rac8 {[%clk 0:12:03]} 20. Rfc1
{[%clk 0:38:15]} e6 {[%clk 0:10:10]} 21. Be3 {[%clk 0:35:59]} exd5 {[%clk
0:07:36]} 22. exd5 {[%clk 0:36:00]} Rfe8 {[%clk 0:05:19]} 23. h4 {[%clk 0:26:26]}
Qd6 {[%clk 0:03:09]} 24. Nd2 {[%clk 0:12:05]} Qf6 {[%clk 0:01:36]} 25. Ne4 {[%clk
0:06:40]} Rxe4 {[%clk 0:01:55]} 26. Bxe4 {[%clk 0:07:03]} Nxc3 {[%clk 0:02:22]}
27. Rxc3 {[%clk 0:06:51]} Qxc3 {[%clk 0:02:42]} 28. Qxb7 {[%clk 0:07:16]} Re8
{[%clk 0:01:12]} 29. d6 {[%clk 0:06:47]} Bf8 {[%clk 0:00:47]} 30. Bd5 {[%clk
0:05:20]} Qf6 {[%clk 0:00:36]} 31. Bg5 {[%clk 0:05:31]} Qf5 {[%clk 0:01:02]} 32.
Bf4 {[%clk 0:04:26]} Rd8 {[%clk 0:00:52]} 33. Be4 {[%clk 0:00:35]} Qe6 {[%clk
0:00:54]} 34. Bd5 {[%clk 0:00:32]} Qd7 {[%clk 0:00:44]} 35. Qa6 {[%clk 0:00:34]}
Qf5 {[%clk 0:00:48]} 36. Bxf7+ {[%clk 0:00:46]} Qxf7 {[%clk 0:01:03]} 37. Qxa4
{[%clk 0:01:10]} Bxd6 {[%clk 0:01:10]} 38. Bxd6 {[%clk 0:00:37]} Rxd6 {[%clk
0:01:31]} 39. Qe4 {[%clk 0:00:56]} Re6 {[%clk 0:00:59]} 40. Qa8+ {[%clk 0:30:44]}
Kg7 {[%clk 0:30:40]} 41. Qc8 {[%clk 0:29:35]} Re5 {[%clk 0:23:24]} 42. Rd1 {[%clk
0:26:33]} Kh6 {[%clk 0:15:20]} 43. Qd8 {[%clk 0:17:46]} Qf3 {[%clk 0:12:24]} 44.
Qd2+ {[%clk 0:15:35]} Kh5 {[%clk 0:12:15]} 45. Re1 {[%clk 0:09:21]} Rxe1+ {[%clk
0:05:43]} 46. Qxe1 {[%clk 0:09:47]} c4 {[%clk 0:04:54]} 47. Qe7 {[%clk 0:08:59]}
Kh6 {[%clk 0:04:23]} 48. Qd7 {[%clk 0:03:55]} c3 {[%clk 0:03:38]} 49. Qe7 {[%clk
0:03:31]} c2 {[%clk 0:01:48]} 50. Qg5+ {[%clk 0:03:52]} Kg7 {[%clk 0:02:16]} 51.
Qe5+ {[%clk 0:03:13]} Kh6 {[%clk 0:02:14]} 52. Qg5+ {[%clk 0:03:38]} Kg7 {[%clk
0:02:40]} 53. Qe5+ {[%clk 0:04:05]} 1/2-1/2

[Event "Irena Warakomska Memorial A"]
[Site "Suwalki"]
[Date "2018.08.03"]
[Round "3"]
[White "Schippers, Maurice"]
[Black "Budrewicz, Krzysztof"]
[Result "1/2-1/2"]
[Board "26"]
[WhiteElo "2303"]
[WhiteCountry "NED"]
[WhiteFideId "1004735"]
[WhiteEloChange "-3"]
[BlackElo "2203"]
[BlackCountry "POL"]
[BlackFideId "1127950"]
[BlackEloChange "3"]

1. e4 {[%clk 1:30:57]} g6 {[%clk 1:30:44]} 2. d4 {[%clk 1:30:56]} Bg7 {[%clk
1:31:00]} 3. Nc3 {[%clk 1:30:52]} d6 {[%clk 1:30:58]} 4. g3 {[%clk 1:28:42]} Nf6
{[%clk 1:27:06]} 5. Bg2 {[%clk 1:29:03]} O-O {[%clk 1:27:20]} 6. Nf3 {[%clk
1:28:01]} Bg4 {[%clk 1:25:14]} 7. O-O {[%clk 1:24:24]} Nc6 {[%clk 1:22:11]} 8. h3
{[%clk 1:20:04]} Bxf3 {[%clk 1:20:27]} 9. Bxf3 {[%clk 1:20:20]} e5 {[%clk
1:20:19]} 10. d5 {[%clk 1:17:25]} Nd4 {[%clk 1:18:31]} 11. Bg2 {[%clk 1:15:20]}
Ne8 {[%clk 1:16:15]} 12. Nb1 {[%clk 1:09:33]} c6 {[%clk 1:16:17]} 13. a4 {[%clk
1:04:02]} cxd5 {[%clk 1:16:13]} 14. exd5 {[%clk 1:03:18]} Nf5 {[%clk 1:15:09]}
15. Nd2 {[%clk 1:00:59]} Ne7 {[%clk 1:07:43]} 16. a5 {[%clk 0:52:44]} f5 {[%clk
1:01:28]} 17. c4 {[%clk 0:50:34]} Rc8 {[%clk 0:53:24]} 18. Ra4 {[%clk 0:45:56]}
Nf6 {[%clk 0:51:45]} 19. Qb3 {[%clk 0:44:01]} Nd7 {[%clk 0:51:25]} 20. Qa2 {[%clk
0:35:18]} Nc5 {[%clk 0:51:11]} 21. Ra3 {[%clk 0:35:30]} e4 {[%clk 0:48:38]} 22.
b4 {[%clk 0:31:03]} Nd3 {[%clk 0:48:50]} 23. Rxd3 {[%clk 0:27:20]} exd3 {[%clk
0:49:15]} 24. Nf3 {[%clk 0:24:37]} b6 {[%clk 0:45:35]} 25. axb6 {[%clk 0:19:00]}
axb6 {[%clk 0:45:22]} 26. Be3 {[%clk 0:17:19]} f4 {[%clk 0:40:45]} 27. Bxf4
{[%clk 0:14:56]} h6 {[%clk 0:41:10]} 28. h4 {[%clk 0:13:53]} Nf5 {[%clk 0:40:44]}
29. Qb3 {[%clk 0:12:24]} Qf6 {[%clk 0:38:27]} 30. Qxd3 {[%clk 0:09:25]} Qc3
{[%clk 0:37:15]} 31. Qb1 {[%clk 0:07:13]} Rxc4 {[%clk 0:37:03]} 32. Bd2 {[%clk
0:05:26]} Qc2 {[%clk 0:37:08]} 33. Qxc2 {[%clk 0:04:08]} Rxc2 {[%clk 0:37:32]}
34. Rd1 {[%clk 0:03:10]} Nd4 {[%clk 0:36:24]} 35. Ne1 {[%clk 0:02:35]} Ra2 {[%clk
0:35:35]} 36. Be3 {[%clk 0:02:19]} Ne2+ {[%clk 0:35:31]} 37. Kh2 {[%clk 0:02:26]}
b5 {[%clk 0:35:15]} 38. Bh3 {[%clk 0:01:22]} Ra1 {[%clk 0:28:08]} 39. Rxa1 {[%clk
0:00:41]} Bxa1 {[%clk 0:28:33]} 40. Bf1 {[%clk 0:30:32]} Bd4 {[%clk 0:56:56]} 41.
Bxe2 {[%clk 0:21:03]} Bxe3 {[%clk 0:57:21]} 42. Bxb5 {[%clk 0:20:51]} Rxf2+
{[%clk 0:55:50]} 43. Kh3 {[%clk 0:20:06]} Kg7 {[%clk 0:55:52]} 44. Nd3 {[%clk
0:18:13]} Rd2 {[%clk 0:55:59]} 45. Kg4 {[%clk 0:17:29]} Kf6 {[%clk 0:55:08]} 46.
Kf3 {[%clk 0:15:53]} Bd4 {[%clk 0:54:56]} 47. Ba6 {[%clk 0:15:36]} Ra2 {[%clk
0:51:48]} 48. Bc4 {[%clk 0:14:57]} Ra3 {[%clk 0:48:45]} 49. g4 {[%clk 0:11:18]}
Bb6 {[%clk 0:47:34]} 50. Bb5 {[%clk 0:09:53]} Ra1 {[%clk 0:45:46]} 51. Be8 {[%clk
0:09:14]} Ra7 {[%clk 0:44:51]} 52. Kf4 {[%clk 0:05:43]} g5+ {[%clk 0:44:55]} 53.
hxg5+ {[%clk 0:06:00]} hxg5+ {[%clk 0:45:23]} 54. Kf3 {[%clk 0:06:02]} Re7 {[%clk
0:45:09]} 55. Bb5 {[%clk 0:06:25]} Re3+ {[%clk 0:45:34]} 56. Kg2 {[%clk 0:06:50]}
Ke7 {[%clk 0:45:40]} 57. Ba6 {[%clk 0:05:10]} Kd8 {[%clk 0:45:20]} 58. Bb5 {[%clk
0:03:59]} Kc7 {[%clk 0:45:27]} 59. Ba6 {[%clk 0:01:53]} Bd4 {[%clk 0:45:49]} 60.
Nc1 {[%clk 0:02:11]} Be5 {[%clk 0:44:59]} 61. Kf2 {[%clk 0:00:45]} Re4 {[%clk
0:44:46]} 62. Be2 {[%clk 0:01:11]} Rxb4 {[%clk 0:44:56]} 63. Bf3 {[%clk 0:01:28]}
Rb2+ {[%clk 0:44:15]} 64. Ne2 {[%clk 0:01:46]} Kb6 {[%clk 0:44:30]} 65. Be4
{[%clk 0:01:39]} Kc5 {[%clk 0:44:49]} 66. Kf3 {[%clk 0:01:04]} Kc4 {[%clk
0:45:00]} 67. Nc1 {[%clk 0:00:57]} Kd4 {[%clk 0:44:56]} 68. Bh7 {[%clk 0:00:36]}
Kxd5 {[%clk 0:44:34]} 69. Nd3 {[%clk 0:01:01]} Rb8 {[%clk 0:44:26]} 70. Ke3
{[%clk 0:01:16]} Bd4+ {[%clk 0:43:09]} 71. Kf3 {[%clk 0:01:25]} Rf8+ {[%clk
0:42:58]} 72. Kg2 {[%clk 0:01:39]} Bc5 {[%clk 0:43:15]} 73. Ne1 {[%clk 0:01:33]}
Ke5 {[%clk 0:42:52]} 74. Bf5 {[%clk 0:01:18]} Kf4 {[%clk 0:43:07]} 75. Nd3+
{[%clk 0:01:32]} Ke3 {[%clk 0:43:30]} 76. Nf2 {[%clk 0:01:33]} Rb8 {[%clk
0:43:41]} 77. Nh3 {[%clk 0:01:45]} Rg8 {[%clk 0:43:39]} 78. Be6 {[%clk 0:01:51]}
Rg7 {[%clk 0:44:03]} 79. Ng1 {[%clk 0:01:54]} Bd4 {[%clk 0:44:10]} 80. Bd5 {[%clk
0:02:02]} Be5 {[%clk 0:44:30]} 81. Be6 {[%clk 0:01:58]} Bf4 {[%clk 0:44:52]} 82.
Nf3 {[%clk 0:02:16]} Rb7 {[%clk 0:45:06]} 83. Kh3 {[%clk 0:01:33]} Rb2 {[%clk
0:44:53]} 84. Bd5 {[%clk 0:02:00]} Rf2 {[%clk 0:45:13]} 85. Bb7 {[%clk 0:02:26]}
Rxf3+ {[%clk 0:45:36]} 86. Bxf3 {[%clk 0:02:51]} Kd4 {[%clk 0:43:17]} 87. Kg2
{[%clk 0:03:06]} d5 {[%clk 0:43:27]} 88. Kf2 {[%clk 0:03:00]} Bc1 {[%clk
0:43:05]} 89. Ke2 {[%clk 0:03:11]} Ba3 {[%clk 0:43:16]} 90. Kd2 {[%clk 0:02:38]}
Bb4+ {[%clk 0:43:15]} 91. Kc2 {[%clk 0:02:54]} Ba5 {[%clk 0:43:30]} 92. Bg2
{[%clk 0:03:04]} Bd8 {[%clk 0:42:11]} 93. Bf3 {[%clk 0:03:23]} Bf6 {[%clk
0:42:27]} 94. Bg2 {[%clk 0:03:43]} Kc4 {[%clk 0:42:37]} 95. Bf1+ {[%clk 0:04:06]}
Kd4 {[%clk 0:43:01]} 96. Bg2 {[%clk 0:04:32]} Bg7 {[%clk 0:42:57]} 97. Bf3 {[%clk
0:04:55]} Ke5 {[%clk 0:43:02]} 98. Kd3 {[%clk 0:05:20]} d4 {[%clk 0:43:29]} 99.
Be4 {[%clk 0:05:33]} Kf4 {[%clk 0:43:56]} 100. Bf5 {[%clk 0:05:59]} 1/2-1/2

[Event "Irena Warakomska Memorial A"]
[Site "Suwalki"]
[Date "2018.08.03"]
[Round "3"]
[White "Kowalski, Igor"]
[Black "Paprocki, Jaroslaw"]
[Result "1-0"]
[Board "29"]
[WhiteElo "2324"]
[WhiteTitle "FM"]
[WhiteCountry "POL"]
[WhiteFideId "1172468"]
[WhiteEloChange "5"]
[BlackElo "2143"]
[BlackCountry "POL"]
[BlackFideId "1122274"]
[BlackEloChange "-5"]

1. d4 {[%clk 1:30:58]} Nf6 {[%clk 1:30:49]} 2. g3 {[%clk 1:31:23]} e6 {[%clk
1:28:18]} 3. Bg2 {[%clk 1:31:49]} d5 {[%clk 1:28:11]} 4. Nf3 {[%clk 1:32:14]} b5
{[%clk 1:24:23]} 5. a4 {[%clk 1:31:35]} b4 {[%clk 1:24:42]} 6. c4 {[%clk
1:31:45]} Bb7 {[%clk 1:19:42]} 7. Ne5 {[%clk 1:30:05]} Nbd7 {[%clk 1:15:09]} 8.
Bg5 {[%clk 1:25:53]} Be7 {[%clk 1:13:36]} 9. cxd5 {[%clk 1:24:50]} Nxe5 {[%clk
1:11:50]} 10. dxe5 {[%clk 1:25:09]} Nxd5 {[%clk 1:11:59]} 11. Bxe7 {[%clk
1:25:32]} Qxe7 {[%clk 1:11:56]} 12. O-O {[%clk 1:25:47]} O-O {[%clk 1:05:58]} 13.
Nd2 {[%clk 1:24:46]} Rad8 {[%clk 1:01:51]} 14. Qc2 {[%clk 1:25:02]} Ba6 {[%clk
0:55:11]} 15. Nb3 {[%clk 1:20:19]} c5 {[%clk 0:53:42]} 16. Qxc5 {[%clk 1:19:45]}
Bxe2 {[%clk 0:52:55]} 17. Rfe1 {[%clk 1:19:54]} Qxc5 {[%clk 0:40:33]} 18. Nxc5
{[%clk 1:20:15]} Bh5 {[%clk 0:40:38]} 19. Rac1 {[%clk 1:17:04]} Bg6 {[%clk
0:30:11]} 20. Red1 {[%clk 0:56:44]} Nb6 {[%clk 0:21:44]} 21. Rxd8 {[%clk
0:56:20]} Rxd8 {[%clk 0:22:06]} 22. a5 {[%clk 0:56:40]} Nd5 {[%clk 0:21:19]} 23.
Nb7 {[%clk 0:55:33]} Rb8 {[%clk 0:21:11]} 24. Nd6 {[%clk 0:54:22]} Kf8 {[%clk
0:07:42]} 25. Bxd5 {[%clk 0:47:36]} exd5 {[%clk 0:08:08]} 26. Rc8+ {[%clk
0:48:01]} Rxc8 {[%clk 0:08:35]} 27. Nxc8 {[%clk 0:48:28]} Bf5 {[%clk 0:06:58]}
28. Nd6 {[%clk 0:45:52]} Bd7 {[%clk 0:06:29]} 29. f4 {[%clk 0:44:06]} Ke7 {[%clk
0:06:41]} 30. Kf2 {[%clk 0:44:33]} f6 {[%clk 0:04:15]} 31. Ke3 {[%clk 0:44:56]}
g5 {[%clk 0:02:23]} 32. Kd4 {[%clk 0:45:09]} gxf4 {[%clk 0:01:43]} 33. gxf4
{[%clk 0:45:34]} fxe5+ {[%clk 0:01:33]} 34. fxe5 {[%clk 0:45:18]} Ke6 {[%clk
0:00:38]} 35. Nb7 {[%clk 0:45:02]} Bc6 {[%clk 0:00:34]} 36. Nc5+ {[%clk 0:43:33]}
Kf5 {[%clk 0:00:46]} 37. Nd3 {[%clk 0:43:53]} b3 {[%clk 0:00:36]} 38. Nb4 {[%clk
0:44:10]} Ba4 {[%clk 0:00:37]} 39. a6 {[%clk 0:11:44]} h5 {[%clk 0:00:41]} 40.
Kxd5 {[%clk 0:36:41]} Bb5 {[%clk 0:30:32]} 41. e6 {[%clk 0:34:12]} h4 {[%clk
0:21:51]} 42. e7 {[%clk 0:33:02]} Kf6 {[%clk 0:21:20]} 43. Kd6 {[%clk 0:33:03]}
h3 {[%clk 0:19:42]} 44. Nd5+ {[%clk 0:32:39]} Kf7 {[%clk 0:17:41]} 45. Nc7 {[%clk
0:31:02]} Be8 {[%clk 0:15:48]} 46. Ne6 {[%clk 0:30:56]} Bb5 {[%clk 0:13:54]} 47.
Ng5+ {[%clk 0:30:40]} Ke8 {[%clk 0:12:33]} 48. Nxh3 {[%clk 0:30:28]} Bxa6 {[%clk
0:12:54]} 49. Nf4 {[%clk 0:30:55]} Kf7 {[%clk 0:11:49]} 50. Nd5 {[%clk 0:30:57]}
Bb5 {[%clk 0:11:04]} 51. Nc7 {[%clk 0:31:23]} Ba4 {[%clk 0:11:05]} 52. e8B+
{[%clk 0:30:50]} Bxe8 {[%clk 0:11:25]} 53. Nxe8 {[%clk 0:31:17]} Kxe8 {[%clk
0:11:37]} 54. Kc5 {[%clk 0:31:44]} 1-0

[Event "Irena Warakomska Memorial A"]
[Site "Suwalki"]
[Date "2018.08.03"]
[Round "3"]
[White "Yevseev, Denis"]
[Black "Jaroch, Karol"]
[Result "1-0"]
[Board "31"]
[WhiteElo "2513"]
[WhiteTitle "GM"]
[WhiteCountry "RUS"]
[WhiteFideId "4126378"]
[WhiteEloChange "2"]
[BlackElo "2212"]
[BlackCountry "POL"]
[BlackFideId "1130609"]
[BlackEloChange "-3"]

1. d4 {[%clk 1:29:19]} e6 {[%clk 1:30:47]} 2. g3 {[%clk 1:29:27]} Nf6 {[%clk
1:30:55]} 3. Bg2 {[%clk 1:29:35]} Be7 {[%clk 1:29:15]} 4. c4 {[%clk 1:23:19]} d5
{[%clk 1:25:00]} 5. Nf3 {[%clk 1:23:08]} O-O {[%clk 1:25:19]} 6. O-O {[%clk
1:23:03]} Nbd7 {[%clk 1:24:25]} 7. Qc2 {[%clk 1:22:43]} c6 {[%clk 1:16:59]} 8.
Nbd2 {[%clk 1:19:12]} b6 {[%clk 1:06:02]} 9. e4 {[%clk 1:19:22]} dxe4 {[%clk
1:06:20]} 10. Nxe4 {[%clk 1:19:30]} Nxe4 {[%clk 1:06:36]} 11. Qxe4 {[%clk
1:19:54]} Bb7 {[%clk 1:06:57]} 12. Rd1 {[%clk 1:18:30]} Qc7 {[%clk 0:57:55]} 13.
Bf4 {[%clk 1:15:24]} Bd6 {[%clk 0:58:13]} 14. Bxd6 {[%clk 1:14:51]} Qxd6 {[%clk
0:58:39]} 15. c5 {[%clk 1:09:14]} Qe7 {[%clk 0:52:48]} 16. Rac1 {[%clk 1:06:01]}
Nf6 {[%clk 0:41:22]} 17. Qe2 {[%clk 0:53:45]} Nd5 {[%clk 0:40:15]} 18. Nd2 {[%clk
0:49:22]} Qc7 {[%clk 0:28:52]} 19. Ne4 {[%clk 0:47:41]} e5 {[%clk 0:18:06]} 20.
Nd6 {[%clk 0:43:06]} exd4 {[%clk 0:18:10]} 21. Bxd5 {[%clk 0:42:01]} cxd5 {[%clk
0:18:29]} 22. b4 {[%clk 0:36:08]} bxc5 {[%clk 0:18:33]} 23. bxc5 {[%clk 0:36:27]}
Bc6 {[%clk 0:17:55]} 24. Qd3 {[%clk 0:32:57]} Rab8 {[%clk 0:17:35]} 25. Qxd4
{[%clk 0:32:32]} Qd7 {[%clk 0:17:50]} 26. Re1 {[%clk 0:31:42]} a5 {[%clk
0:17:48]} 27. Rb1 {[%clk 0:24:29]} h6 {[%clk 0:13:38]} 28. f3 {[%clk 0:23:31]}
Ba8 {[%clk 0:09:56]} 29. g4 {[%clk 0:21:59]} f6 {[%clk 0:06:48]} 30. Rxb8 {[%clk
0:14:24]} Rxb8 {[%clk 0:07:12]} 31. Nf5 {[%clk 0:14:30]} Re8 {[%clk 0:06:33]} 32.
Rxe8+ {[%clk 0:12:42]} Qxe8 {[%clk 0:07:00]} 33. Kf2 {[%clk 0:12:53]} Qb8 {[%clk
0:03:10]} 34. Kg2 {[%clk 0:10:03]} Qc7 {[%clk 0:00:51]} 35. Qe3 {[%clk 0:08:12]}
Qd7 {[%clk 0:00:42]} 36. Nd4 {[%clk 0:07:29]} Kf7 {[%clk 0:00:45]} 37. Qb3 {[%clk
0:03:04]} Qc7 {[%clk 0:00:37]} 38. Qb5 {[%clk 0:00:50]} Qe5 {[%clk 0:00:34]} 39.
Qd7+ {[%clk 0:00:45]} Kg6 {[%clk 0:00:54]} 40. Qf5+ {[%clk 0:30:43]} Kf7 {[%clk
0:30:55]} 41. Qd3 {[%clk 0:28:02]} h5 {[%clk 0:30:27]} 42. c6 {[%clk 0:25:16]}
hxg4 {[%clk 0:30:18]} 43. fxg4 {[%clk 0:25:42]} g6 {[%clk 0:26:16]} 44. h3 {[%clk
0:23:40]} f5 {[%clk 0:26:01]} 45. gxf5 {[%clk 0:18:07]} gxf5 {[%clk 0:26:23]} 46.
c7 {[%clk 0:17:29]} Qxc7 {[%clk 0:26:42]} 47. Qxf5+ {[%clk 0:17:54]} Kg8 {[%clk
0:27:02]} 48. Qg4+ {[%clk 0:15:34]} Kf7 {[%clk 0:26:13]} 49. h4 {[%clk 0:13:42]}
Qe5 {[%clk 0:25:46]} 50. Kf2 {[%clk 0:13:35]} Qf6+ {[%clk 0:25:42]} 51. Ke3
{[%clk 0:13:10]} Bb7 {[%clk 0:23:24]} 52. Qd7+ {[%clk 0:07:02]} Kg6 {[%clk
0:21:46]} 53. Nf3 {[%clk 0:05:17]} d4+ {[%clk 0:21:31]} 54. Nxd4 {[%clk 0:05:32]}
Qe5+ {[%clk 0:22:27]} 55. Kd2 {[%clk 0:05:24]} Bd5 {[%clk 0:18:16]} 56. Qg4+
{[%clk 0:05:40]} Kf6 {[%clk 0:18:38]} 57. a3 {[%clk 0:05:32]} Be4 {[%clk
0:18:24]} 58. Ne2 {[%clk 0:04:54]} Qb2+ {[%clk 0:15:58]} 59. Ke3 {[%clk 0:04:30]}
Bg6 {[%clk 0:14:30]} 60. Qg5+ {[%clk 0:03:58]} Kf7 {[%clk 0:14:32]} 61. Qxa5
{[%clk 0:03:32]} Qf6 {[%clk 0:14:38]} 62. Qd5+ {[%clk 0:02:51]} Ke8 {[%clk
0:14:31]} 63. Nd4 {[%clk 0:01:36]} Qxh4 {[%clk 0:13:00]} 64. Qg8+ {[%clk
0:01:47]} Kd7 {[%clk 0:13:27]} 65. Qe6+ {[%clk 0:01:36]} Kc7 {[%clk 0:12:10]} 66.
Qxg6 {[%clk 0:01:37]} Qe1+ {[%clk 0:10:55]} 67. Kd3 {[%clk 0:01:07]} Qb1+ {[%clk
0:10:56]} 68. Nc2 {[%clk 0:01:28]} Qb3+ {[%clk 0:10:55]} 69. Kd2 {[%clk 0:01:49]}
Kb7 {[%clk 0:10:59]} 70. Qe4+ {[%clk 0:02:01]} Kc7 {[%clk 0:11:06]} 71. Qd3
{[%clk 0:01:57]} Qg8 {[%clk 0:11:16]} 72. Ne3 {[%clk 0:01:52]} Qg5 {[%clk
0:11:12]} 73. Qd5 {[%clk 0:01:44]} Qg1 {[%clk 0:11:28]} 74. Qc5+ {[%clk 0:01:52]}
Kb8 {[%clk 0:11:49]} 75. Kc2 {[%clk 0:01:35]} Kb7 {[%clk 0:11:56]} 76. Kb2 {[%clk
0:01:30]} Ka6 {[%clk 0:12:14]} 77. Qc4+ {[%clk 0:01:37]} Ka7 {[%clk 0:12:33]} 78.
Nc2 {[%clk 0:01:54]} Qh2 {[%clk 0:12:50]} 79. Kb3 {[%clk 0:01:58]} Qg3+ {[%clk
0:12:58]} 80. Ka4 {[%clk 0:02:10]} Qg2 {[%clk 0:12:27]} 81. Nd4 {[%clk 0:01:51]}
Qh2 {[%clk 0:11:08]} 82. Qc5+ {[%clk 0:01:24]} Kb7 {[%clk 0:11:11]} 83. Qd5+
{[%clk 0:01:27]} Kc8 {[%clk 0:09:30]} 84. Nb5 {[%clk 0:01:05]} Qh4+ {[%clk
0:09:18]} 85. Ka5 {[%clk 0:01:16]} Qe1+ {[%clk 0:09:12]} 86. Kb6 {[%clk 0:01:19]}
1-0

[Event "Irena Warakomska Memorial A"]
[Site "Suwalki"]
[Date "2018.08.03"]
[Round "3"]
[White "Tarun V Kanth"]
[Black "Socko, Monika"]
[Result "0-1"]
[Board "32"]
[WhiteElo "2086"]
[WhiteCountry "IND"]
[WhiteFideId "25012185"]
[WhiteEloChange "-2"]
[BlackElo "2464"]
[BlackTitle "GM"]
[BlackCountry "POL"]
[BlackFideId "1106619"]
[BlackEloChange "1"]

1. d4 {[%clk 1:30:44]} Nf6 {[%clk 1:30:48]} 2. c4 {[%clk 1:31:10]} e6 {[%clk
1:31:14]} 3. Nc3 {[%clk 1:31:34]} Bb4 {[%clk 1:31:38]} 4. f3 {[%clk 1:31:58]} c5
{[%clk 1:32:02]} 5. d5 {[%clk 1:32:24]} O-O {[%clk 1:32:08]} 6. e4 {[%clk
1:32:52]} d6 {[%clk 1:32:33]} 7. Bg5 {[%clk 1:29:42]} h6 {[%clk 1:32:34]} 8. Bh4
{[%clk 1:29:58]} exd5 {[%clk 1:32:21]} 9. cxd5 {[%clk 1:28:24]} Re8 {[%clk
1:31:40]} 10. Bb5 {[%clk 1:18:54]} Bd7 {[%clk 1:26:12]} 11. Bxd7 {[%clk 1:18:55]}
Nbxd7 {[%clk 1:26:38]} 12. Ne2 {[%clk 1:18:21]} b5 {[%clk 1:24:21]} 13. O-O
{[%clk 1:17:54]} a6 {[%clk 1:23:43]} 14. Qc1 {[%clk 0:54:50]} c4 {[%clk 1:18:28]}
15. Ng3 {[%clk 0:54:51]} Nf8 {[%clk 1:06:12]} 16. Nh5 {[%clk 0:41:42]} N8h7
{[%clk 1:06:21]} 17. Kh1 {[%clk 0:41:20]} Bc5 {[%clk 0:55:07]} 18. f4 {[%clk
0:30:31]} b4 {[%clk 0:53:46]} 19. Ne2 {[%clk 0:30:05]} Rxe4 {[%clk 0:28:46]} 20.
Neg3 {[%clk 0:29:22]} Rd4 {[%clk 0:25:10]} 21. Nf5 {[%clk 0:20:11]} Rxd5 {[%clk
0:25:35]} 22. Nfxg7 {[%clk 0:20:23]} Bd4 {[%clk 0:23:35]} 23. Qxc4 {[%clk
0:11:36]} Qc8 {[%clk 0:21:33]} 24. Qe2 {[%clk 0:11:30]} Qg4 {[%clk 0:19:45]} 25.
Qxg4 {[%clk 0:04:08]} Nxg4 {[%clk 0:20:13]} 26. Rfd1 {[%clk 0:04:17]} Ne3 {[%clk
0:20:09]} 27. Rxd4 {[%clk 0:01:18]} Rxd4 {[%clk 0:20:37]} 28. Bf2 {[%clk
0:01:48]} Rd1+ {[%clk 0:18:20]} 29. Rxd1 {[%clk 0:02:14]} Nxd1 {[%clk 0:18:49]}
30. Bd4 {[%clk 0:02:28]} Rc8 {[%clk 0:18:06]} 31. Nf5 {[%clk 0:02:11]} Rc1 {[%clk
0:18:21]} 32. Nxh6+ {[%clk 0:02:04]} Kf8 {[%clk 0:18:50]} 33. Kg1 {[%clk
0:00:45]} Nxb2+ {[%clk 0:15:54]} 34. Kf2 {[%clk 0:01:14]} Nd3+ {[%clk 0:15:30]}
35. Ke3 {[%clk 0:00:46]} Ne1 {[%clk 0:14:54]} 36. Bg7+ {[%clk 0:00:31]} Ke8
{[%clk 0:15:11]} 37. Kd2 {[%clk 0:00:52]} Rb1 {[%clk 0:15:17]} 38. g4 {[%clk
0:01:16]} Nf3+ {[%clk 0:15:13]} 39. Kc2 {[%clk 0:01:39]} Rh1 {[%clk 0:15:09]} 40.
Nf5 {[%clk 0:32:09]} Kd7 {[%clk 0:42:06]} 41. Nh6 {[%clk 0:31:59]} a5 {[%clk
0:39:18]} 42. Nxf7 {[%clk 0:32:17]} a4 {[%clk 0:39:14]} 43. Ng3 {[%clk 0:28:28]}
Rxh2+ {[%clk 0:39:40]} 44. Kb1 {[%clk 0:28:51]} Nd2+ {[%clk 0:37:35]} 45. Kc1
{[%clk 0:29:07]} b3 {[%clk 0:36:32]} 46. axb3 {[%clk 0:29:31]} Nxb3+ {[%clk
0:35:31]} 47. Kb1 {[%clk 0:30:00]} a3 {[%clk 0:35:35]} 0-1